<?xml version="1.0" encoding="UTF-8"?><marc:collection xmlns:marc="http://www.loc.gov/MARC21/slim">
  <marc:record>
    <marc:leader>06915nas a2200853 c 4500</marc:leader>
    <marc:controlfield tag="001">010039236</marc:controlfield>
    <marc:controlfield tag="003">DE-101</marc:controlfield>
    <marc:controlfield tag="005">20250507210947.0</marc:controlfield>
    <marc:controlfield tag="007">tu</marc:controlfield>
    <marc:controlfield tag="008">991118d19681989gw u||p|  ||| 0||||1ger c</marc:controlfield>
    <marc:datafield tag="015" ind1=" " ind2=" ">
      <marc:subfield code="a">87,B45,0089</marc:subfield>
      <marc:subfield code="2">dnb</marc:subfield>
    </marc:datafield>
    <marc:datafield tag="016" ind1="7" ind2=" ">
      <marc:subfield code="2">DE-600</marc:subfield>
      <marc:subfield code="a">2725-X</marc:subfield>
    </marc:datafield>
    <marc:datafield tag="016" ind1="7" ind2=" ">
      <marc:subfield code="2">DE-101</marc:subfield>
      <marc:subfield code="a">010039236</marc:subfield>
    </marc:datafield>
    <marc:datafield tag="022" ind1=" " ind2=" ">
      <marc:subfield code="a">0435-7701</marc:subfield>
    </marc:datafield>
    <marc:datafield tag="022" ind1=" " ind2=" ">
      <marc:subfield code="a">0435-7701</marc:subfield>
      <marc:subfield code="2">6</marc:subfield>
    </marc:datafield>
    <marc:datafield tag="035" ind1=" " ind2=" ">
      <marc:subfield code="a">(DE-599)ZDB2725-X</marc:subfield>
    </marc:datafield>
    <marc:datafield tag="035" ind1=" " ind2=" ">
      <marc:subfield code="a">(OCoLC)224461503</marc:subfield>
    </marc:datafield>
    <marc:datafield tag="040" ind1=" " ind2=" ">
      <marc:subfield code="a">9001</marc:subfield>
      <marc:subfield code="b">ger</marc:subfield>
      <marc:subfield code="c">DE-101</marc:subfield>
      <marc:subfield code="d">9999</marc:subfield>
    </marc:datafield>
    <marc:datafield tag="041" ind1=" " ind2=" ">
      <marc:subfield code="a">ger</marc:subfield>
    </marc:datafield>
    <marc:datafield tag="042" ind1=" " ind2=" ">
      <marc:subfield code="a">zdb</marc:subfield>
    </marc:datafield>
    <marc:datafield tag="044" ind1=" " ind2=" ">
      <marc:subfield code="c">XA-DE</marc:subfield>
    </marc:datafield>
    <marc:datafield tag="082" ind1="7" ind2="4">
      <marc:subfield code="a">050</marc:subfield>
      <marc:subfield code="q">DE-600</marc:subfield>
      <marc:subfield code="2">22sdnb</marc:subfield>
    </marc:datafield>
    <marc:datafield tag="084" ind1=" " ind2=" ">
      <marc:subfield code="a">16</marc:subfield>
      <marc:subfield code="a">320</marc:subfield>
      <marc:subfield code="q">DE-101</marc:subfield>
      <marc:subfield code="2">sdnb</marc:subfield>
    </marc:datafield>
    <marc:datafield tag="084" ind1=" " ind2=" ">
      <marc:subfield code="a">610</marc:subfield>
      <marc:subfield code="a">600</marc:subfield>
      <marc:subfield code="2">rpb</marc:subfield>
    </marc:datafield>
    <marc:datafield tag="084" ind1=" " ind2=" ">
      <marc:subfield code="a">MA 1000</marc:subfield>
      <marc:subfield code="2">rvk</marc:subfield>
    </marc:datafield>
    <marc:datafield tag="084" ind1=" " ind2=" ">
      <marc:subfield code="a">POL 550z</marc:subfield>
      <marc:subfield code="2">stub</marc:subfield>
    </marc:datafield>
    <marc:datafield tag="084" ind1=" " ind2=" ">
      <marc:subfield code="a">Dm 115</marc:subfield>
      <marc:subfield code="2">ifzs</marc:subfield>
    </marc:datafield>
    <marc:datafield tag="110" ind1="1" ind2=" ">
      <marc:subfield code="0">(DE-588)2028808-6</marc:subfield>
      <marc:subfield code="0">https://d-nb.info/gnd/2028808-6</marc:subfield>
      <marc:subfield code="0">(DE-101)00485408X</marc:subfield>
      <marc:subfield code="a">Deutschland</marc:subfield>
      <marc:subfield code="g">Bundesrepublik</marc:subfield>
      <marc:subfield code="b">Bundesregierung</marc:subfield>
      <marc:subfield code="e">Verfasser</marc:subfield>
      <marc:subfield code="4">aut</marc:subfield>
      <marc:subfield code="2">gnd</marc:subfield>
    </marc:datafield>
    <marc:datafield tag="222" ind1=" " ind2="0">
      <marc:subfield code="a"> Jahresbericht der Bundesregierung</marc:subfield>
      <marc:subfield code="b">Print</marc:subfield>
    </marc:datafield>
    <marc:datafield tag="245" ind1="1" ind2="0">
      <marc:subfield code="a">Jahresbericht der Bundesregierung</marc:subfield>
      <marc:subfield code="c">hrsg. vom Presse- u. Informationsamt der Bundesregierung</marc:subfield>
    </marc:datafield>
    <marc:datafield tag="264" ind1="3" ind2="1">
      <marc:subfield code="a">Bonn</marc:subfield>
      <marc:subfield code="b">Presse- u. Informationsamt</marc:subfield>
      <marc:subfield code="c">1968-1989</marc:subfield>
    </marc:datafield>
    <marc:datafield tag="264" ind1="2" ind2="1">
      <marc:subfield code="3">1967-1982</marc:subfield>
      <marc:subfield code="a">Bonn</marc:subfield>
      <marc:subfield code="b">Dt. Bundesverl.</marc:subfield>
    </marc:datafield>
    <marc:datafield tag="336" ind1=" " ind2=" ">
      <marc:subfield code="a">Text</marc:subfield>
      <marc:subfield code="b">txt</marc:subfield>
      <marc:subfield code="2">rdacontent</marc:subfield>
    </marc:datafield>
    <marc:datafield tag="337" ind1=" " ind2=" ">
      <marc:subfield code="a">ohne Hilfsmittel zu benutzen</marc:subfield>
      <marc:subfield code="b">n</marc:subfield>
      <marc:subfield code="2">rdamedia</marc:subfield>
    </marc:datafield>
    <marc:datafield tag="338" ind1=" " ind2=" ">
      <marc:subfield code="a">Band</marc:subfield>
      <marc:subfield code="b">nc</marc:subfield>
      <marc:subfield code="2">rdacarrier</marc:subfield>
    </marc:datafield>
    <marc:datafield tag="362" ind1="0" ind2=" ">
      <marc:subfield code="a">1967(1968) - 1989</marc:subfield>
    </marc:datafield>
    <marc:datafield tag="363" ind1="0" ind2="0">
      <marc:subfield code="8">1.1\x</marc:subfield>
      <marc:subfield code="i">1967</marc:subfield>
    </marc:datafield>
    <marc:datafield tag="363" ind1="1" ind2="0">
      <marc:subfield code="8">1.2\x</marc:subfield>
      <marc:subfield code="i">1989</marc:subfield>
    </marc:datafield>
    <marc:datafield tag="365" ind1=" " ind2=" ">
      <marc:subfield code="b">kart. (Pr. nicht mitget.)</marc:subfield>
    </marc:datafield>
    <marc:datafield tag="583" ind1="1" ind2=" ">
      <marc:subfield code="a">Archivierung/Langzeitarchivierung gewährleistet</marc:subfield>
      <marc:subfield code="c">2020</marc:subfield>
      <marc:subfield code="f">PENW</marc:subfield>
      <marc:subfield code="5">DE-5</marc:subfield>
      <marc:subfield code="2">pdager</marc:subfield>
    </marc:datafield>
    <marc:datafield tag="591" ind1=" " ind2=" ">
      <marc:subfield code="a">24!93!</marc:subfield>
    </marc:datafield>
    <marc:datafield tag="610" ind1="1" ind2="7">
      <marc:subfield code="0">(DE-588)2028808-6</marc:subfield>
      <marc:subfield code="0">https://d-nb.info/gnd/2028808-6</marc:subfield>
      <marc:subfield code="0">(DE-101)00485408X</marc:subfield>
      <marc:subfield code="a">Deutschland</marc:subfield>
      <marc:subfield code="g">Bundesrepublik</marc:subfield>
      <marc:subfield code="b">Bundesregierung</marc:subfield>
      <marc:subfield code="9">rswk-swf</marc:subfield>
      <marc:subfield code="2">gnd</marc:subfield>
    </marc:datafield>
    <marc:datafield tag="648" ind1=" " ind2="7">
      <marc:subfield code="a">Geschichte 1967-1989</marc:subfield>
      <marc:subfield code="9">rswk-swf</marc:subfield>
      <marc:subfield code="2">gnd</marc:subfield>
    </marc:datafield>
    <marc:datafield tag="651" ind1=" " ind2="7">
      <marc:subfield code="a">Deutschland &lt;Bundesrepublik&gt;</marc:subfield>
      <marc:subfield code="2">local</marc:subfield>
    </marc:datafield>
    <marc:datafield tag="651" ind1=" " ind2="7">
      <marc:subfield code="8">2\p</marc:subfield>
      <marc:subfield code="0">(DE-588)4011889-7</marc:subfield>
      <marc:subfield code="0">https://d-nb.info/gnd/4011889-7</marc:subfield>
      <marc:subfield code="0">(DE-101)040118894</marc:subfield>
      <marc:subfield code="a">Deutschland</marc:subfield>
      <marc:subfield code="g">Bundesrepublik</marc:subfield>
      <marc:subfield code="2">gnd</marc:subfield>
    </marc:datafield>
    <marc:datafield tag="655" ind1=" " ind2="7">
      <marc:subfield code="0">(DE-588)4067488-5</marc:subfield>
      <marc:subfield code="0">https://d-nb.info/gnd/4067488-5</marc:subfield>
      <marc:subfield code="0">(DE-101)040674886</marc:subfield>
      <marc:subfield code="a">Zeitschrift</marc:subfield>
      <marc:subfield code="2">gnd-content</marc:subfield>
    </marc:datafield>
    <marc:datafield tag="655" ind1=" " ind2="7">
      <marc:subfield code="0">(DE-588)4128022-2</marc:subfield>
      <marc:subfield code="0">https://d-nb.info/gnd/4128022-2</marc:subfield>
      <marc:subfield code="0">(DE-101)041280229</marc:subfield>
      <marc:subfield code="a">Bericht</marc:subfield>
      <marc:subfield code="2">gnd-content</marc:subfield>
    </marc:datafield>
    <marc:datafield tag="655" ind1=" " ind2="7">
      <marc:subfield code="a">Bericht</marc:subfield>
      <marc:subfield code="9">rswk-swf</marc:subfield>
      <marc:subfield code="2">gnd</marc:subfield>
    </marc:datafield>
    <marc:datafield tag="689" ind1="0" ind2="0">
      <marc:subfield code="0">(DE-588)2028808-6</marc:subfield>
      <marc:subfield code="0">https://d-nb.info/gnd/2028808-6</marc:subfield>
      <marc:subfield code="0">(DE-101)00485408X</marc:subfield>
      <marc:subfield code="D">b</marc:subfield>
      <marc:subfield code="a">Deutschland</marc:subfield>
      <marc:subfield code="g">Bundesrepublik</marc:subfield>
      <marc:subfield code="b">Bundesregierung</marc:subfield>
    </marc:datafield>
    <marc:datafield tag="689" ind1="0" ind2="1">
      <marc:subfield code="A">z</marc:subfield>
      <marc:subfield code="a">Geschichte 1967-1989</marc:subfield>
    </marc:datafield>
    <marc:datafield tag="689" ind1="0" ind2="2">
      <marc:subfield code="A">f</marc:subfield>
      <marc:subfield code="a">Bericht</marc:subfield>
    </marc:datafield>
    <marc:datafield tag="689" ind1="0" ind2=" ">
      <marc:subfield code="5">DE-188</marc:subfield>
      <marc:subfield code="5">DE-602</marc:subfield>
    </marc:datafield>
    <marc:datafield tag="710" ind1="1" ind2=" ">
      <marc:subfield code="0">(DE-588)2029155-3</marc:subfield>
      <marc:subfield code="0">https://d-nb.info/gnd/2029155-3</marc:subfield>
      <marc:subfield code="0">(DE-101)004857038</marc:subfield>
      <marc:subfield code="a">Deutschland</marc:subfield>
      <marc:subfield code="g">Bundesrepublik</marc:subfield>
      <marc:subfield code="b">Presse- und Informationsamt</marc:subfield>
      <marc:subfield code="e">Herausgebendes Organ</marc:subfield>
      <marc:subfield code="4">isb</marc:subfield>
      <marc:subfield code="2">gnd</marc:subfield>
    </marc:datafield>
    <marc:datafield tag="770" ind1="0" ind2="8">
      <marc:subfield code="i">Darin</marc:subfield>
      <marc:subfield code="a">Deutschland &lt;Bundesrepublik&gt; / Bundesminister des Innern</marc:subfield>
      <marc:subfield code="t">Jahresbericht / Bundesministerium des Innern</marc:subfield>
      <marc:subfield code="d">Bonn : Min., Referat Analyse u. Information, Öffentlichkeitsarbeit, 1972-</marc:subfield>
      <marc:subfield code="w">(DE-600)536658-6</marc:subfield>
      <marc:subfield code="w">(DE-101)01289723X</marc:subfield>
    </marc:datafield>
    <marc:datafield tag="770" ind1="0" ind2="8">
      <marc:subfield code="i">Darin</marc:subfield>
      <marc:subfield code="a">Deutschland &lt;Bundesrepublik&gt; / Bundesminister der Justiz</marc:subfield>
      <marc:subfield code="t">&#152;Das&#156; Bundesministerium der Justiz</marc:subfield>
      <marc:subfield code="d">Köln : Bachem, 1960-1969</marc:subfield>
      <marc:subfield code="w">(DE-600)530195-6</marc:subfield>
      <marc:subfield code="w">(DE-101)012837369</marc:subfield>
    </marc:datafield>
    <marc:datafield tag="770" ind1="0" ind2="8">
      <marc:subfield code="i">Darin</marc:subfield>
      <marc:subfield code="a">Deutschland &lt;Bundesrepublik&gt; / Bundesminister der Justiz</marc:subfield>
      <marc:subfield code="t">Jahresbericht des Bundesministeriums der Justiz</marc:subfield>
      <marc:subfield code="d">Bonn : [Verlag nicht ermittelbar], 1970-1989</marc:subfield>
      <marc:subfield code="x">0720-7956</marc:subfield>
      <marc:subfield code="w">(DE-600)217363-3</marc:subfield>
      <marc:subfield code="w">(DE-101)011277254</marc:subfield>
    </marc:datafield>
    <marc:datafield tag="770" ind1="0" ind2="8">
      <marc:subfield code="i">Darin</marc:subfield>
      <marc:subfield code="a">Deutschland &lt;Bundesrepublik&gt; / Bundesminister für Verkehr</marc:subfield>
      <marc:subfield code="t">Jahresbericht / Der Bundesminister für Verkehr</marc:subfield>
      <marc:subfield code="d">Bonn : Der Bundesminister für Verkehr, 1969-1988</marc:subfield>
      <marc:subfield code="w">(DE-600)161819-2</marc:subfield>
      <marc:subfield code="w">(DE-101)010959882</marc:subfield>
    </marc:datafield>
    <marc:datafield tag="770" ind1="0" ind2="8">
      <marc:subfield code="i">Darin</marc:subfield>
      <marc:subfield code="a">Deutschland &lt;Bundesrepublik&gt; / Bundesminister für Wohnungswesen und Städtebau</marc:subfield>
      <marc:subfield code="t">Jahresbericht / Bundesministerium für Wohnungswesen und Städtebau</marc:subfield>
      <marc:subfield code="d">Bad Godesberg : Bundesmin., 1966-1970</marc:subfield>
      <marc:subfield code="w">(DE-600)631554-9</marc:subfield>
      <marc:subfield code="w">(DE-101)013663119</marc:subfield>
    </marc:datafield>
    <marc:datafield tag="770" ind1="0" ind2="8">
      <marc:subfield code="i">Darin</marc:subfield>
      <marc:subfield code="a">Deutschland &lt;Bundesrepublik&gt; / Bundesminister für Städtebau und Wohnungswesen</marc:subfield>
      <marc:subfield code="t">Jahresbericht / Bundesministerium für Städtebau und Wohnungswesen</marc:subfield>
      <marc:subfield code="d">Bonn-Bad Godesberg : Bundesmin., 1971-1972</marc:subfield>
      <marc:subfield code="x">1437-7322</marc:subfield>
      <marc:subfield code="w">(DE-600)631555-0</marc:subfield>
      <marc:subfield code="w">(DE-101)013663127</marc:subfield>
    </marc:datafield>
    <marc:datafield tag="770" ind1="0" ind2="8">
      <marc:subfield code="i">Supplement</marc:subfield>
      <marc:subfield code="a">Deutschland &lt;Bundesrepublik&gt; / Bundesminister für Raumordnung, Bauwesen und Städtebau</marc:subfield>
      <marc:subfield code="t">Jahresbericht / der Bundesminister für Raumordnung, Bauwesen und Städtebau</marc:subfield>
      <marc:subfield code="d">Bonn-Bad Godesberg : Bundesmin., 1973-1987</marc:subfield>
      <marc:subfield code="x">1437-7322</marc:subfield>
      <marc:subfield code="w">(DE-600)191340-2</marc:subfield>
      <marc:subfield code="w">(DE-101)011061022</marc:subfield>
    </marc:datafield>
    <marc:datafield tag="770" ind1="0" ind2="8">
      <marc:subfield code="i">Darin</marc:subfield>
      <marc:subfield code="a">Deutschland &lt;Bundesrepublik&gt; / Bundesminister für Wohnungswesen und Städtebau</marc:subfield>
      <marc:subfield code="t">Jahresbericht und Wohnungsbau in Zahlen</marc:subfield>
      <marc:subfield code="d">Bonn : [Verlag nicht ermittelbar], 1966-1967</marc:subfield>
      <marc:subfield code="w">(DE-600)355166-0</marc:subfield>
      <marc:subfield code="w">(DE-101)012085138</marc:subfield>
    </marc:datafield>
    <marc:datafield tag="770" ind1="0" ind2="8">
      <marc:subfield code="i">Supplement</marc:subfield>
      <marc:subfield code="n">1974 - 1982 u. ab 1985 darin</marc:subfield>
      <marc:subfield code="a">Deutschland &lt;Bundesrepublik&gt; / Bundesminister für Forschung und Technologie</marc:subfield>
      <marc:subfield code="t">Jahresbericht / Der Bundesminister für Forschung und Technologie, Referat Öffentlichkeitsarbeit</marc:subfield>
      <marc:subfield code="d">Bonn : Bundesmin., 1974-1985</marc:subfield>
      <marc:subfield code="w">(DE-600)235949-2</marc:subfield>
      <marc:subfield code="w">(DE-101)011412119</marc:subfield>
    </marc:datafield>
    <marc:datafield tag="770" ind1="0" ind2="8">
      <marc:subfield code="i">Supplement</marc:subfield>
      <marc:subfield code="a">Deutschland &lt;Bundesrepublik&gt; / Bundesminister für Ernährung, Landwirtschaft und Forsten</marc:subfield>
      <marc:subfield code="t">Jahresbericht des Bundesministeriums für Ernährung, Landwirtschaft und Forsten</marc:subfield>
      <marc:subfield code="d">Bonn : Bundesmin., 1955-</marc:subfield>
      <marc:subfield code="w">(DE-600)244339-9</marc:subfield>
      <marc:subfield code="w">(DE-101)011479469</marc:subfield>
    </marc:datafield>
    <marc:datafield tag="770" ind1="0" ind2="8">
      <marc:subfield code="i">Supplement</marc:subfield>
      <marc:subfield code="a">Deutschland &lt;Bundesrepublik&gt; / Bundesministerium für Innerdeutsche Beziehungen</marc:subfield>
      <marc:subfield code="t">Jahresbericht / Bundesministerium für Innerdeutsche Beziehungen</marc:subfield>
      <marc:subfield code="d">Bonn : Ministerium, 1970-1990</marc:subfield>
      <marc:subfield code="x">0934-1765</marc:subfield>
      <marc:subfield code="w">(DE-600)870933-6</marc:subfield>
      <marc:subfield code="w">(DE-101)014793091</marc:subfield>
    </marc:datafield>
    <marc:datafield tag="770" ind1="0" ind2="8">
      <marc:subfield code="i">Supplement</marc:subfield>
      <marc:subfield code="a">Deutschland &lt;Bundesrepublik&gt; / Bundesministerium für Innerdeutsche Beziehungen</marc:subfield>
      <marc:subfield code="t">&#152;Das&#156; Bundesministerium für Innerdeutsche Beziehungen</marc:subfield>
      <marc:subfield code="d">Bonn : [Verlag nicht ermittelbar], 1970-1970</marc:subfield>
      <marc:subfield code="w">(DE-600)1260638-8</marc:subfield>
      <marc:subfield code="w">(DE-101)017768969</marc:subfield>
    </marc:datafield>
    <marc:datafield tag="770" ind1="0" ind2="8">
      <marc:subfield code="i">Supplement</marc:subfield>
      <marc:subfield code="n">1967 - 1968 Sonderdr.</marc:subfield>
      <marc:subfield code="a">Deutschland &lt;Bundesrepublik&gt; / Bundesminister für Wissenschaftliche Forschung</marc:subfield>
      <marc:subfield code="t">Jahresbericht des Bundesministeriums für Wissenschaftliche Forschung</marc:subfield>
      <marc:subfield code="d">Bad Godesberg : [Verlag nicht ermittelbar], 1963-1969</marc:subfield>
      <marc:subfield code="x">0435-7493</marc:subfield>
      <marc:subfield code="w">(DE-600)217362-1</marc:subfield>
      <marc:subfield code="w">(DE-101)011277246</marc:subfield>
    </marc:datafield>
    <marc:datafield tag="770" ind1="0" ind2="8">
      <marc:subfield code="i">Supplement</marc:subfield>
      <marc:subfield code="t">Forschung und Technologie</marc:subfield>
      <marc:subfield code="d">Bonn : Bundesmin., 1974-1974</marc:subfield>
      <marc:subfield code="w">(DE-600)1448221-6</marc:subfield>
      <marc:subfield code="w">(DE-101)01941899X</marc:subfield>
    </marc:datafield>
    <marc:datafield tag="770" ind1="0" ind2="8">
      <marc:subfield code="i">Supplement</marc:subfield>
      <marc:subfield code="a">Deutschland &lt;Bundesrepublik&gt; / Bundesminister der Finanzen</marc:subfield>
      <marc:subfield code="t">Tätigkeitsbericht / Bundesminister der Finanzen</marc:subfield>
      <marc:subfield code="d">Bonn : [Verlag nicht ermittelbar], 1970-1970</marc:subfield>
      <marc:subfield code="w">(DE-600)1348311-0</marc:subfield>
      <marc:subfield code="w">(DE-101)018489516</marc:subfield>
    </marc:datafield>
    <marc:datafield tag="770" ind1="0" ind2="8">
      <marc:subfield code="i">Supplement</marc:subfield>
      <marc:subfield code="a">Deutschland &lt;Bundesrepublik&gt; / Bundesminister für Vertriebene, Flüchtlinge und Kriegsgeschädigte</marc:subfield>
      <marc:subfield code="t">&#152;Das&#156; Bundesministerium für Vertriebene, Flüchtlinge und Kriegsgeschädigte</marc:subfield>
      <marc:subfield code="d">[Bonn : Dt. Bundesverl.], 1965-1968</marc:subfield>
      <marc:subfield code="w">(DE-600)2407995-9</marc:subfield>
      <marc:subfield code="w">(DE-101)987396803</marc:subfield>
    </marc:datafield>
    <marc:datafield tag="780" ind1="0" ind2="0">
      <marc:subfield code="i">Vorg.:</marc:subfield>
      <marc:subfield code="t">Deutsche Politik</marc:subfield>
      <marc:subfield code="d">Bonn : Dt. Bundesverl. [in Komm.], 1961-1967</marc:subfield>
      <marc:subfield code="x">0170-2300</marc:subfield>
      <marc:subfield code="w">(DE-600)208949-X</marc:subfield>
      <marc:subfield code="w">(DE-101)011208406</marc:subfield>
    </marc:datafield>
    <marc:datafield tag="785" ind1="0" ind2="0">
      <marc:subfield code="i">Forts.:</marc:subfield>
      <marc:subfield code="a">Deutschland / Bundesregierung</marc:subfield>
      <marc:subfield code="t">Jahresbericht der Bundesregierung</marc:subfield>
      <marc:subfield code="d">Berlin : Presse- und Informationsamt der Bundesregierung, 1990-2009</marc:subfield>
      <marc:subfield code="x">0435-7701</marc:subfield>
      <marc:subfield code="w">(DE-600)33487-X</marc:subfield>
      <marc:subfield code="w">(DE-101)010347917</marc:subfield>
    </marc:datafield>
    <marc:datafield tag="850" ind1=" " ind2=" ">
      <marc:subfield code="a">DE-101a</marc:subfield>
      <marc:subfield code="a">DE-101b</marc:subfield>
    </marc:datafield>
    <marc:datafield tag="883" ind1="1" ind2=" ">
      <marc:subfield code="8">2\p</marc:subfield>
      <marc:subfield code="a">kasw</marc:subfield>
      <marc:subfield code="c">1,000</marc:subfield>
      <marc:subfield code="d">20230807</marc:subfield>
      <marc:subfield code="q">DE-101</marc:subfield>
      <marc:subfield code="u">https://d-nb.info/provenance/plan#kasw</marc:subfield>
    </marc:datafield>
    <marc:datafield tag="889" ind1=" " ind2=" ">
      <marc:subfield code="w">(DE-101)540321184</marc:subfield>
    </marc:datafield>
  </marc:record>
</marc:collection>
